Prístupy humánnej geografie filozofia, teória a kontext
Enregistré dans:
| Auteur principal: | |
|---|---|
| Collectivité auteur: | |
| Autres auteurs: | , , |
| Format: | Livre |
| Langue: | slovaque |
| Publié: |
Bratislava
Univerzita Komenského v Bratislave
2018
|
| Édition: | 1. vydanie |
| Sujets: | |
| Tags: |
Pas de tags, Soyez le premier à ajouter un tag!
|
MARC
| LEADER | 00000nam a2200000 4500 | ||
|---|---|---|---|
| 001 | 0252298 | ||
| 005 | 20240221114324.8 | ||
| 020 | |a 978-80-223-4625-2 | ||
| 041 | 0 | |a slo | |
| 044 | |a SK | ||
| 245 | 1 | 0 | |a Prístupy humánnej geografie |b filozofia, teória a kontext |c Pavol Korec, Jaroslav Rusnák ; recenzenti: René Matlovič, Petr Daněk |
| 250 | |a 1. vydanie | ||
| 264 | 1 | |a Bratislava |b Univerzita Komenského v Bratislave |c 2018 | |
| 300 | |a 239 s. | ||
| 610 | 2 | 0 | |a geografia |
| 610 | 2 | 0 | |a humanizmus |
| 610 | 2 | 0 | |a filozofia |
| 610 | 2 | 0 | |a veda |
| 610 | 2 | 0 | |a systém |
| 610 | 2 | 0 | |a paradigma |
| 610 | 2 | 0 | |a regióny |
| 610 | 2 | 0 | |a školy |
| 610 | 2 | 0 | |a priestor |
| 610 | 2 | 0 | |a behaviorizmus |
| 610 | 2 | 0 | |a radikalizmus |
| 610 | 2 | 0 | |a modernizmus |
| 610 | 2 | 0 | |a kolonializmus |
| 610 | 2 | 0 | |a kultúra |
| 100 | 1 | |a Korec, Pavol | |
| 700 | 1 | |a Rusnák, Jaroslav | |
| 700 | 1 | |a Matlovič, René | |
| 700 | 1 | |a Daněk, Petr | |
| 710 | 2 | |a Univerzita Komenského v Bratislave. Prírodovedecká fakulta | |